Najib Razak : pendakian ke puncak
| Main Author: | |
|---|---|
| Format: | Book |
| Published: |
Selangor :
Media Global Matrix Sdn. Bhd ,
2009
|
| Subjects: |
MARC
| LEADER | 00000cam a2200000 7i4500 | ||
|---|---|---|---|
| 001 | 0000028375 | ||
| 005 | 20091204.0 | ||
| 008 | 091204 | ||
| 020 | |a 9834425630 | ||
| 090 | 0 | 0 | |a 923.2595 |b CHA |
| 100 | 1 | |a Chamil Wariya | |
| 245 | 1 | 0 | |a Najib Razak : |b pendakian ke puncak |c Chamil Wariya |
| 260 | |a Selangor : |b Media Global Matrix Sdn. Bhd , |c 2009 | ||
| 650 | 0 | |a Malaysia |x Politics and government | |
| 650 | 0 | |a Mohd. Najib Tun Haji Abd. Razak, Dato' Seri, 1953 | |
| 650 | 0 | |a Politicians |z Malaysia | |
| 999 | |a 0001069184 |b Book |c Adult Collection |e Perbadanan Perpustakaan Awam Johor | ||